[Event "Continental-ch Women America 2017"]
[Site "Villa Martelli"]
[Date "2017.09.12"]
[Round "7"]
[White "Abarca Gonzalez, Damaris"]
[Black "Jorquera Cabello, Valentina"]
[Result "1/2-1/2"]
[WhiteElo "2019"]
[BlackElo "1977"]
[Annotator "NA RC"]
[PlyCount "105"]
[EventDate "2017.??.??"]
[EventType "swiss"]
[EventCountry "ARG"]
[SourceTitle "playchess.com"]
[Source "ChessBase"]
[SourceQuality "1"]
[TimeControl "40/5400+30:1800+30"]

{[%evp 14,105,20,-15,43,32767,32767,32767,32767,32767,32767,18,128,131,126,106,128,134,137,145,181,114,136,106,110,144,218,220,240,0,0,0,0,0,0,-86,32767,32767,32767,32767,32767,32767,32767,32767,32767,32767,32767,32767,32767,32767,32767,32767,32767,32767,32767,32767,32767,32767,32767,32767,32767,1,8,0,32767,32767,0,0,32767,79,111,-55,0,0,32767,32767,32767,32767,32767,32767,32767,32767,32767,-122,-144,-143,-164,-143,-104,-192,-151,-143,-144,-145]} 1. e4 {[%emt 0:00:00]} c5 {[%emt 0:00:05]} 2. Nc3 {[%emt 0:00:00]} Nc6 {[%emt 0:00:19]} 3. f4 {[%emt 0:01:48]} g6 {[%emt 0:01:12]} 4. Nf3 {[%emt 0:02:35]} Bg7 {[%emt 0:00:13]} 5. d3 {[%emt 0:01:33]} d6 {[%emt 0:01:00]} 6. Be3 {[%emt 0:00:49]} Nd4 {[%emt 0:00:29] B23: Closed Sicilian: Lines without g3} (6... Nf6 7. Qd2 O-O 8. Be2 Rb8 9. a4 a6 10. h3 b5 11. axb5 axb5 12. O-O b4 13. Nd1 Nh5 14. Kh2 {0-1 (83) Escobar Forero,A (2481)-Arenas Vanegas,D (2421) Quibdo 2015}) 7. Qd2 {[%emt 0:00:38]} h5 $146 {[%emt 0:17:33]} ({Predecessor:} 7... Bg4 8. Be2 Nxe2 9. Nxe2 Bxf3 10. gxf3 Bxb2 11. Rb1 Bg7 12. Rxb7 Qc8 13. Rb1 Nf6 14. O-O {½-½ (23) Manukovsky,V (2227)-Klimentov,R (2246) Voronezh 2009}) 8. a3 {[%emt 0:10:47]} (8. Be2 $5) 8... b6 {[%emt 0:02:24]} 9. Bxd4 {[%emt 0:02:38]} cxd4 {[%emt 0:00:13]} 10. Nb5 {[%emt 0:00:43]} Nh6 {[%emt 0:10:25]} 11. Nbxd4 {[%emt 0:06:25]} O-O {[%emt 0:02:19]} 12. c3 {[%emt 0:04:18]} (12. h3 $16) 12... f5 {[%emt 0:14:03]} (12... e5 $11 {bleibt in der Remisbreite.} 13. fxe5 dxe5) 13. Ng5 {[%emt 0:03:39]} Bxd4 {[%emt 0:09:35]} 14. cxd4 {[%emt 0:00:14]} e5 {[%emt 0:01:44]} 15. dxe5 {[%emt 0:13:35]} dxe5 {[%emt 0:01:21]} 16. fxe5 {[%emt 0:01:35]} fxe4 {[%emt 0:09:02]} (16... Nf7 $16 {was necessary.}) 17. Nxe4 {[%emt 0:01:41]} ({White should play} 17. dxe4 $18 Qxd2+ 18. Kxd2) 17... Ng4 {[%emt 0:01:13]} 18. d4 {[%emt 0:08:51]} Bb7 {[%emt 0:01:21]} 19. Bc4+ {[%emt 0:06:10]} Kg7 {[%emt 0:03:54] [#]} (19... Bd5 $16) 20. Ng5 $1 {[%emt 0:03:59]} Bd5 {[%emt 0:00:45] [#]} 21. Bxd5 $2 {[%emt 0:01:22]} (21. Be2 $1 $18) 21... Qxd5 {[%emt 0:00:03]} 22. Rc1 {[%emt 0:14:41]} Rf2 {[%emt 0:02:27]} 23. Rc7+ {[%emt 0:02:48]} Kg8 $1 {[%emt 0:00:23]} 24. Qb4 {[%emt 0:08:38]} (24. Qc3 $11 {remains equal.} Raf8 25. Rc8 Nxe5 26. dxe5 Qxg2 27. Qc4+ Kh8 28. Rxf8+ Rxf8 29. Rf1 Rxf1+ 30. Qxf1 Qxg5 31. Qf8+ Kh7 32. Qf7+ Kh6 33. Qf8+ Kh7 34. Qf7+ Kh6 35. Qf8+ Kh7) 24... Qa2 {[%emt 0:07:21]} 25. Qc4+ {[%emt 0:01:59]} Qxc4 {[%emt 0:00:08]} 26. Rxc4 {[%emt 0:00:01]} Rxb2 {[%emt 0:01:50]} 27. h3 {[%emt 0:01:10]} Ne3 {[%emt 0:00:31]} 28. Rc7 {[%emt 0:00:22]} Nxg2+ {[%emt 0:00:26]} 29. Kd1 {[%emt 0:00:21]} Ne3+ {[%emt 0:01:35]} 30. Kc1 {[%emt 0:00:03]} Ra2 {[%emt 0:00:17]} 31. Kb1 {[%emt 0:00:02]} Rd2 32. Re1 {[%emt 0:00:41]} Nf5 {[%emt 0:01:09]} 33. e6 {[%emt 0:00:15]} Rxd4 {[%emt 0:01:10]} 34. Rd7 {[%emt 0:00:36]} Re8 {[%emt 0:01:38]} 35. Rxa7 {[%emt 0:00:29]} Ng7 {[%emt 0:02:23]} 36. Rb7 {[%emt 0:00:51]} Rd6 {[%emt 0:00:06]} 37. e7 {[%emt 0:00:43]} Nf5 {[%emt 0:00:16]} 38. Kc2 {[%emt 0:00:44]} Kg7 {[%emt 0:01:50]} 39. Rc7 {[%emt 0:00:26]} Nd4+ {[%emt 0:03:01]} (39... Rxe7 $5 40. Rexe7+ Nxe7 $15) 40. Kb2 {[%emt 0:00:00]} Rc6 {[%emt 0:04:45]} 41. Rd7 {[%emt 0:02:08]} Nf5 {[%emt 0:00:00]} 42. Kb3 $2 {[%emt 0:00:58] [#]} (42. Ne6+ $16 Kh6 43. Nc7 Rxe7 44. Rexe7 Nxe7 45. Rxe7 Kg5 $18) 42... Kf6 {[%emt 0:00:00]} 43. Nh7+ {[%emt 0:02:27]} Kg7 {[%emt 0:00:00]} 44. Ng5 {[%emt 0:00:06] [#]} Rxe7 $1 $17 {[%emt 0:00:52]} 45. Rdxe7+ {[%emt 0:01:54]} (45. Rexe7+ Nxe7) 45... Nxe7 {[%emt 0:00:02]} 46. Ne6+ {[%emt 0:00:22]} Kf6 {[%emt 0:00:24]} 47. Nd4 {[%emt 0:01:20]} Rd6 {[%emt 0:00:16]} 48. Kc4 {[%emt 0:00:20]} Nf5 {[%emt 0:04:21]} 49. Nf3 {[%emt 0:03:06]} Rc6+ {[%emt 0:07:44]} 50. Kb4 {[%emt 0:01:48]} Rc2 {[%emt 0:01:21]} 51. Rf1 {[%emt 0:05:16]} (51. a4 $17 {was called for.}) 51... Rb2+ {[%emt 0:00:55]} 52. Kc3 {[%emt 0:00:27]} Re2 {[%emt 0:00:44]} 53. Kb4 $17 {[%emt 0:02:44]} 1/2-1/2

[Event "Continental-ch Women America 2017"]
[Site "Villa Martelli"]
[Date "2017.09.12"]
[Round "7"]
[White "Besso, Guadalupe"]
[Black "Strgacich, Aylen"]
[Result "1-0"]
[WhiteElo "1994"]
[BlackElo "1897"]
[Annotator "NA RC"]
[PlyCount "60"]
[EventDate "2017.??.??"]
[EventType "swiss"]
[EventCountry "ARG"]
[SourceTitle "playchess.com"]
[Source "ChessBase"]
[SourceQuality "1"]
[TimeControl "40/5400+30:1800+30"]

1. Nf3 {[%emt 0:00:00]} Nf6 2. d4 {[%emt 0:00:10]} g6 {[%emt 0:00:14]} 3. c4 Bg7 {[%emt 0:00:00]} 4. Nc3 {[%emt 0:01:10]} d5 5. cxd5 {[%emt 0:00:17]} Nxd5 {[%emt 0:00:28]} 6. e4 {[%emt 0:00:24]} Nxc3 {[%emt 0:00:22]} 7. bxc3 {[%emt 0:00:04]} c5 {[%emt 0:17:13]} 8. Bb5+ Bd7 9. Bxd7+ Qxd7 {[%emt 0:00:47]} 10. O-O {[%emt 0:02:21]} O-O {[%emt 0:10:49]} 11. Be3 {[%emt 0:10:01]} b6 $146 {D85: Exchange Grünfeld: Unusual White 7th moves and lines with 7 Nf3} ({Predecessor:} 11... cxd4 12. cxd4 Nc6 13. Rb1 b6 14. Qe2 Rac8 15. Rfd1 e6 16. h3 Na5 17. Ne5 Qa4 18. Rd2 Bxe5 19. dxe5 Qxe4 20. Rbd1 Qxe5 21. Qa6 {½-½ (35) Doettling,F (2542)-Ni,H (2614) ICC INT 2006}) 12. Qe2 {[%emt 0:00:30]} e6 {[%emt 0:05:48]} 13. Rfd1 {[%emt 0:01:26]} cxd4 {[%emt 0:01:35]} 14. cxd4 {[%emt 0:05:31]} Nc6 {[%emt 0:00:28]} 15. Rac1 {[%emt 0:00:23]} Rac8 {[%emt 0:10:50]} 16. Rc2 {[%emt 0:17:48]} Rfd8 {[%emt 0:19:23]} 17. Rdc1 {[%emt 0:11:08]} Nb4 {[%emt 0:08:30]} 18. Rc4 {[%emt 0:00:57]} Nc6 {[%emt 0:03:15]} 19. h3 {[%emt 0:03:03]} Na5 {[%emt 0:00:13]} 20. R4c2 {[%emt 0:00:24]} Nb7 {[%emt 0:03:35]} 21. Ne5 {[%emt 0:06:34]} Bxe5 {[%emt 0:13:42]} 22. dxe5 {[%emt 0:00:09]} Rxc2 {[%emt 0:02:28]} 23. Rxc2 {[%emt 0:03:54]} Na5 {[%emt 0:05:32] [#]} (23... h5 $11) 24. Bh6 {[%emt 0:01:00]} (24. Qf3 $1 $16 {[%cal Rf3f6]} Qd1+ 25. Qxd1 Rxd1+ 26. Kh2) 24... Qd4 {[%emt 0:06:24]} 25. Bg5 {[%emt 0:11:21]} Qd1+ {[%emt 0:00:37]} 26. Qxd1 {[%emt 0:00:14]} Rxd1+ {[%emt 0:00:01]} 27. Kh2 {[%emt 0:00:09]} Rd4 $18 {[%emt 0:02:00]} 28. Rc8+ {[%emt 0:01:50]} Kg7 {[%emt 0:00:01]} 29. Bf6+ {[%emt 0:00:47]} Kh6 {[%emt 0:00:01]} 30. g4 {Kg7 Bg5} Rd8 1-0

[Event "Continental-ch Women America 2017"]
[Site "Villa Martelli"]
[Date "2017.09.12"]
[Round "7"]
[White "Cosme Contreras, Trilce"]
[Black "Zuriel, Marisa"]
[Result "0-1"]
[WhiteElo "1872"]
[BlackElo "2180"]
[Annotator "TA"]
[PlyCount "86"]
[EventDate "2017.??.??"]
[EventType "swiss"]
[EventCountry "ARG"]
[SourceTitle "playchess.com"]
[Source "ChessBase"]
[SourceQuality "1"]

{[%evp 22,85,-18,-12,7,5,8,-7,0,-7,0,0,42,43,44,45,45,40,44,45,43,44,45,50,65,51,73,58,64,61,77,68,145,129,129,136,147,137,139,81,77,64,247,238,216,219,229,188,168,203,187,187,170,-597,-595,-1250,-1197,-1188,-1172,-29996,-29997,-29997,-29998,-29998,-29999,-29999]} 1. c4 e5 2. Nc3 d6 3. g3 g6 4. Bg2 Bg7 5. d3 f5 6. e3 Nf6 7. Nge2 O-O 8. O-O c6 9. Rb1 a5 10. a3 Be6 11. b4 axb4 12. axb4 d5 {A21: Englische Eröffnung} 13. cxd5 cxd5 14. Na4 (14. Bb2 Nbd7 15. Na4 b6 16. Qb3 Qe7 17. d4 e4 18. b5 Rfc8 19. Ba3 Qd8 20. Rfc1 {½-½ (45) Molchanov,A (2334)-Shomoev,A (2550) Minsk 2017}) 14... Bf7 {Die Stellung ist ausgeglichen.} 15. d4 e4 16. b5 b6 $146 ({Vorgänger:} 16... Nbd7 17. Qb3 Nb6 18. Nxb6 Qxb6 19. Ba3 Rfc8 20. Nc3 {½-½ (39) Perdomo,C (2351)-Zatonskih,A (2435) Atlanta 2005}) 17. Qb3 Ra7 18. Ba3 Re8 19. Rfc1 Bf8 20. Bxf8 Rxf8 21. Nac3 {[%cal Ba4c3,Bc3a2,Ba2b4,Bb4c6][%mdl 32]} Qd6 22. Na2 g5 23. Nb4 Rc7 24. Rxc7 Qxc7 25. Rc1 Qd6 26. Nc6 Nfd7 (26... Bh5 $14) 27. Qb4 Qxb4 28. Nxb4 Be6 29. Rc7 Nf6 30. Nc3 (30. Na6 $142) 30... Rf7 $16 31. Na6 {[#] Und weiter mit Txf7 wäre nett.} Nbd7 $2 (31... Rxc7 $14 32. Nxc7 Kf7) 32. Na4 $18 f4 33. Rc6 (33. gxf4 gxf4 34. h3 (34. exf4 Rg7 $15) 34... Rg7 $14) 33... Bg4 34. Nxb6 ({Bloß nicht} 34. exf4 $6 gxf4 35. Nc3 (35. gxf4 Nh5 $11) (35. Nxb6 Nxb6 36. Rxb6 f3 $14) 35... e3) 34... Nxb6 35. Rxb6 Be2 36. Nc5 Nd7 37. exf4 $4 {[%mdl 8192]} (37. Nxd7 $18 Rxd7 38. gxf4 gxf4 39. exf4) 37... Nxb6 $19 38. Bh3 Ra7 39. Be6+ Kg7 {[#] ( -> ...Ta1+)} 40. h4 Ra1+ {Schwarz setzt Matt.} 41. Kh2 Bf3 {[%csl Gf3][%cal Ra1h1]} 42. g4 gxf4 {[%csl Gf3][%cal Ra1h1]} 43. g5 Rh1# {Precision: Weiß = 62%, Schwarz = 63%.} 0-1

[Event "Continental-ch Women America 2017"]
[Site "Villa Martelli"]
[Date "2017.09.13"]
[Round "8"]
[White "Arribas Robaina, Maritza"]
[Black "Lujan, Carolina"]
[Result "1/2-1/2"]
[WhiteElo "2273"]
[BlackElo "2376"]
[Annotator "TA"]
[PlyCount "37"]
[EventDate "2017.??.??"]
[EventType "swiss"]
[EventCountry "ARG"]
[SourceTitle "playchess.com"]
[Source "ChessBase"]
[SourceQuality "1"]

{[%evp 14,18,24,13,27,23,27]} 1. e4 c5 2. Nf3 Nc6 3. Nc3 e5 4. Bc4 Be7 5. O-O d6 6. h3 Nf6 7. d3 O-O 8. a3 {LiveBook: 78 Games} Nd4 {B30: Sicilian: 2...Nc6 3 Bb5, lines without ...g6} (8... a6 9. Re1 b5 10. Ba2 h6 11. Nd5 Nd4 12. c3 Nxf3+ 13. Qxf3 Nxd5 14. Bxd5 Rb8 15. Be3 Bg5 16. b4 Bxe3 17. Qxe3 {½-½ (29) Demchenko,A (2632)-Wang,H (2678) Subic Bay 2016}) 9. Nd5 Nxd5 {Find the theoretical novelty and annotate with similar games:} 10. Bxd5 $146 Nxf3+ 11. Qxf3 Qc7 12. b4 Be6 13. c4 Bxd5 14. exd5 b6 15. Bd2 f5 16. Rfe1 Qd7 17. Bc3 Rae8 18. Qe2 Bf6 19. Qc2 {½-½ (19) Nicholas (2000)-Martinez,C (1955) FICGS email 2011} 1/2-1/2

[Event "Continental-ch Women America 2017"]
[Site "Villa Martelli"]
[Date "2017.09.13"]
[Round "8"]
[White "Amura, Claudia"]
[Black "Cori T, Deysi"]
[Result "1/2-1/2"]
[WhiteElo "2262"]
[BlackElo "2389"]
[Annotator "RC"]
[PlyCount "59"]
[EventDate "2017.??.??"]
[EventType "swiss"]
[EventCountry "ARG"]
[SourceTitle "playchess.com"]
[Source "ChessBase"]
[SourceQuality "1"]
[TimeControl "40/5400+30:1800+30"]

1. d4 {[%emt 0:00:00]} e6 {[%emt 0:00:24]} 2. Bf4 {[%emt 0:00:42]} c5 {[%emt 0:02:40]} 3. e3 {[%emt 0:00:27]} Nf6 {[%emt 0:03:53]} 4. Nd2 {[%emt 0:02:30]} Nc6 {[%emt 0:03:41]} 5. c3 {[%emt 0:00:31]} Be7 {[%emt 0:01:09]} 6. h3 {[%emt 0:03:44]} O-O {[%emt 0:01:56]} 7. Ngf3 {[%emt 0:00:33]} d6 {[%emt 0:01:05]} 8. Bd3 {[%emt 0:04:29]} e5 {[%emt 0:02:07]} 9. Bh2 {[%emt 0:01:51]} cxd4 {[%emt 0:01:03]} 10. exd4 {[%emt 0:00:53]} exd4 {[%emt 0:00:27]} 11. Nxd4 {[%emt 0:10:00]} Nxd4 {[%emt 0:01:03]} 12. cxd4 {[%emt 0:00:04]} Qb6 {[%emt 0:01:29]} 13. Nc4 {[%emt 0:00:25]} Qb4+ {[%emt 0:01:01]} 14. Qd2 {[%emt 0:03:09]} Nd5 {[%emt 0:06:23]} 15. O-O {[%emt 0:08:11]} Qxd2 {[%emt 0:02:25]} 16. Nxd2 {[%emt 0:00:05]} Nb4 {[%emt 0:00:18]} 17. Rae1 {[%emt 0:14:15]} Bg5 {[%emt 0:05:58]} 18. Bxh7+ {[%emt 0:01:41]} Kxh7 {[%emt 0:00:11]} 19. Nf3 {[%emt 0:01:46]} Nc2 {[%emt 0:19:24]} 20. Nxg5+ {[%emt 0:00:18]} Kg6 {[%emt 0:00:01]} 21. Bxd6 {[%emt 0:00:27]} Rd8 {[%emt 0:01:06]} 22. Be7 {[%emt 0:03:49]} Re8 {[%emt 0:02:45]} 23. Re5 {[%emt 0:02:59]} Nxd4 {[%emt 0:18:10]} 24. Re4 {[%emt 0:02:36]} Ne6 {[%emt 0:07:33]} 25. Nxe6 {[%emt 0:08:21]} Bxe6 {[%emt 0:00:06]} 26. Bc5 {[%emt 0:00:07]} Bxa2 {[%emt 0:01:49]} 27. Rg4+ {[%emt 0:02:41]} Kh7 {[%emt 0:00:02]} 28. Ra1 {[%emt 0:00:29]} Bd5 {[%emt 0:02:13]} 29. Bxa7 {[%emt 0:01:01]} Re4 {[%emt 0:04:28]} 30. Ra5 {[%emt 0:09:36]} 1/2-1/2

[Event "Continental-ch Women America 2017"]
[Site "Villa Martelli"]
[Date "2017.09.13"]
[Round "8"]
[White "Miranda Llanes, Yerisbel"]
[Black "Martinez, Ayelen"]
[Result "0-1"]
[WhiteElo "2192"]
[BlackElo "2190"]
[Annotator "TA"]
[PlyCount "112"]
[EventDate "2017.??.??"]
[EventType "swiss"]
[EventCountry "ARG"]
[SourceTitle "playchess.com"]
[Source "ChessBase"]
[SourceQuality "1"]

{[%evp 27,112,76,69,84,128,125,124,130,133,124,129,132,126,119,115,19,39,49,43,0,0,0,0,-6,-2,-6,-1,-58,-61,-52,-15,-10,0,-93,-52,-43,-7,-76,-115,-83,-94,-95,-79,-117,-117,-100,-117,-118,-117,-117,-117,-220,-229,-235,-219,-231,-237,-237,-237,-223,-217,-470,-465,-661,-633,-683,-668,-638,-629,-1383,-1301,-1220,-1183,-1163,-1130,-1143,-1075,-1506,-1376,-2177,-2076,-1804,-1308,-1831,-1789,-29984,-29985]} 1. d4 Nf6 2. c4 g6 3. Nc3 Bg7 4. e4 d6 5. Nf3 O-O 6. Be2 e5 7. O-O Nc6 8. d5 Ne7 9. Ne1 Ne8 10. Be3 f5 11. f3 f4 12. Bf2 g5 13. c5 h5 14. Rc1 Rf6 {LiveBook: 6 Games. E98: King's Indian: Classical Main Line: 9 Ne1} (14... Ng6 15. cxd6 cxd6 16. a4 Bh6 17. Nd3 Bd7 18. Nb5 a6 19. Na3 Rb8 20. Rc3 Rf7 21. Kh1 Rg7 22. Ne1 {1-0 (51) Mchedlishvili,M (2626)-Rapport,R (2559) Plovdiv 2012}) 15. Nb5 Rg6 16. cxd6 cxd6 {White is better.} 17. Nxa7 Bd7 18. Qb3 $1 g4 19. Bb6 ({Stronger than} 19. Qxb7 Rb8 $15) 19... Qb8 20. Nb5 $146 ({Find the theoretical novelty and annotate with similar games:} 20. Bb5 Bxb5 21. Nxb5 Nc8 22. Bc7 Nxc7 23. Nxc7 {1-0 (41) Litvinov,V (2352)-Uhlmann,W (2457) Bad Zwischenahn 2003}) 20... Nc8 21. Nc7 (21. Bc7 $16 Nxc7 22. Nxc7 Qa7+ 23. Kh1 Qxa2 24. Qxb7) 21... Nxb6 22. Qxb6 Rxa2 23. Ne6 (23. Na6 $5 Qa8 24. Nc7 $14) 23... Qa7 24. Qxa7 Rxa7 25. Nc2 Ra2 26. Rb1 Ra8 27. Nxg7 ({White should try} 27. Na3 $11) 27... Rxg7 $15 28. Kf2 Nf6 29. Na3 Kf7 30. Bb5 (30. Rbc1 $11 {remains equal.}) 30... Rag8 31. Rg1 h4 32. Rbc1 (32. Nc4 $11 {keeps the balance.}) 32... Ke7 $1 $17 33. Bxd7 Nxd7 34. b4 Ra8 $1 $36 {[%cal Ra8a3][%mdl 2048] White is under strong pressure.} 35. Rc3 gxf3 36. gxf3 Rxg1 37. Kxg1 {[%mdl 4096] Endgame KRN-KRN} h3 38. Kf1 Ra4 39. Nc2 (39. Rb3 $17 {was worth a try.}) 39... Ra2 $19 40. Ke2 {[#]} Rb2 $1 41. Kd2 {[#]} Rb1 $1 {[%cal Rb1h1]} 42. Ne1 Rxb4 43. Nd3 Ra4 44. Nf2 $2 (44. Rb3 Ra1 45. Rxb7) 44... Nc5 45. Nxh3 (45. Rc2 $142 Nb3+ 46. Kd3) 45... b5 {[%cal Bb7b5,Bb5b4,Bb4b3,Bb3b2][%mdl 32]} 46. Rc2 b4 47. Rb2 b3 48. Rb1 Ra2+ 49. Kc3 Rxh2 50. Ng5 Rf2 51. Kb4 b2 52. Ka3 Kf6 53. Nh7+ Kg7 54. Ng5 Kg6 55. Ne6 Rxf3+ 56. Kxb2 Rb3+ {Precision: White = 47%, Black = 77%.} 0-1

[Event "Continental-ch Women America 2017"]
[Site "Villa Martelli"]
[Date "2017.09.13"]
[Round "8"]
[White "Aliaga Fernandez, Ingrid Y"]
[Black "Chumpitaz, Ann"]
[Result "1-0"]
[WhiteElo "2182"]
[BlackElo "2225"]
[Annotator "TA"]
[PlyCount "105"]
[EventDate "2017.??.??"]
[EventType "swiss"]
[EventCountry "ARG"]
[SourceTitle "playchess.com"]
[Source "ChessBase"]
[SourceQuality "1"]

{[%evp 19,105,4,78,2,5,7,9,-2,0,-18,-19,-10,-14,-21,-11,-5,-11,-8,3,10,5,-1,0,-24,-16,-21,-29,-28,4,0,0,-28,0,0,82,62,77,0,0,0,0,-39,-44,-25,-69,-31,0,0,0,-18,0,0,0,0,0,-14,0,0,108,111,200,174,169,122,228,222,216,213,527,514,906,898,876,858,778,510,1319,1235,2132,379,369,246,29992,29993,29996,29995,29997,29992]} 1. e4 c5 2. Nf3 e6 3. d4 cxd4 4. Nxd4 Nc6 5. Nc3 Qc7 6. g3 a6 7. Bg2 Nf6 8. O-O Nxd4 9. Qxd4 Bc5 10. Qd1 {B47: Sicilian: Taimanov: 5 Nc3 Qc7 6 f4, 6 g3 and 6 Be2} (10. Bf4 d6 11. Qd2 h6 12. Rad1 e5 13. Be3 Be6 14. Bxc5 dxc5 15. Nd5 Bxd5 16. exd5 Qd6 17. Rfe1 O-O 18. Bh3 Rfe8 19. c4 b6 20. Re2 Ra7 21. Rde1 {½-½ (82) Vallejo Pons,F (2691)-Ganguly,S (2647) Bangkok 2016}) 10... h6 {LiveBook: 3 Games} (10... d6 $11) 11. Qe2 (11. Na4 $16) 11... d6 $11 12. Na4 {The position is equal.} Ba7 13. Rd1 $146 ({Find the theoretical novelty and annotate with similar games:} 13. c4 Bd7 14. Nc3 Rc8 15. b3 b5 16. Ba3 Bc5 17. Bxc5 Qxc5 {1-0 (31) Giron,J (2227)-Gracia Alvarez,G (2034) Cali 2015}) 13... O-O 14. b3 e5 15. Be3 b5 16. Bxa7 Rxa7 17. Nb2 Qc3 18. Rab1 Rc7 19. Rxd6 Qxc2 20. Re1 Bg4 21. Qd2 Rfc8 22. f3 Be6 23. Nd1 Kh7 24. Ne3 Qc5 25. Kh1 a5 26. Bf1 Qa3 (26... g6 $11) 27. Bxb5 $16 Rc1 28. Rd1 (28. Rxc1 $16 Rxc1+ 29. Kg2) 28... Rxd1+ $11 29. Nxd1 (29. Qxd1 $2 {perishes.} Rc1 $19) 29... Rc1 30. Kg2 Ra1 31. Nc3 $1 Qc5 {[%csl Ga1][%cal Rc5g1]} 32. Bf1 $1 {[#]} Bh3+ $1 {[%mdl 512]} 33. Kxh3 Rxf1 34. Rd3 (34. Rxf6 $5 gxf6 35. Qd7 Qxc3 36. Qxf7+ Kh8 37. Qxf6+ Kg8 38. Qg6+ Kf8 39. Qf6+ Kg8 40. Qg6+ Kf8 41. Qf6+ Ke8 42. Qe6+ Kf8 43. Qf6+ $11) 34... Rf2 35. Qe3 Qc8+ 36. g4 Rc2 {[#] White must now prevent ...h5.} 37. Kg3 h5 {[%cal Rf6g4] Threatens to win with ...Nxg4!} (37... Nd7 $5 {[%cal Rd7c5]} 38. Nd5 Rxa2 $11) 38. h3 Kg6 (38... Nd7 $1 $11 {remains equal.} 39. Nb5 hxg4) 39. Nd5 $16 Qd8 (39... Qe6 $16) 40. Rd2 $36 {[%mdl 2048] Black is under strong pressure.} h4+ 41. Kg2 Rc1 (41... Nxd5 $16 {was called for.} 42. exd5 Rxd2+ 43. Qxd2 Kf6) 42. Qf2 Nxd5 43. exd5 $18 {[%mdl 4096] Endgame KQR-KQR} Rc3 $2 (43... Rc7 {is a better chance.} 44. Re2 f6 45. Qxh4 Kf7 46. Rxe5 Rc2+ 47. Kf1 Kg8) 44. d6 f5 (44... Kh7 $142 45. Qe1 Rc5) 45. d7 Kh7 46. Qe2 e4 47. fxe4 fxg4 (47... Rg3+ $142 48. Kh2 Qc7) 48. hxg4 Qb6 49. Qf2 $2 (49. Qf1 Qd8 50. Qf5+ g6 51. Qf7+ Kh6 52. Rd6) 49... h3+ 50. Kh1 Qc7 $2 (50... Qxf2 $18 51. Rxf2 Rd3) 51. Qh4+ {White mates.} Kg6 52. Qh5+ Kf6 53. d8=Q+ {Precision: White = 46%, Black = 35%.} 1-0

[Event "Continental-ch Women America 2017"]
[Site "Villa Martelli"]
[Date "2017.09.13"]
[Round "8"]
[White "Vazquez Maccarini, Danitza"]
[Black "Zuriel, Marisa"]
[Result "1-0"]
[WhiteElo "2173"]
[BlackElo "2180"]
[Annotator "TA"]
[PlyCount "109"]
[EventDate "2017.??.??"]
[EventType "swiss"]
[EventCountry "ARG"]
[SourceTitle "playchess.com"]
[Source "ChessBase"]
[SourceQuality "1"]

{[%evp 17,109,14,36,16,22,0,20,11,26,0,13,0,0,0,2,-17,-29,-58,0,-11,0,0,4,0,0,0,1,-10,14,6,14,14,12,14,18,10,18,17,51,47,50,54,121,108,228,231,212,176,183,180,175,177,341,200,233,235,201,144,144,148,170,185,220,203,194,197,335,325,563,461,461,461,461,461,461,454,439,432,461,432,461,461,461,461,454,446,446,446,446,432,687,454,12205,8009]} 1. e4 d6 2. d4 Nf6 3. Nc3 e5 4. Nf3 Nbd7 5. Be2 Be7 6. O-O O-O 7. h3 c6 8. a4 b6 9. Re1 Qc7 {LiveBook: 4 Games} 10. Bg5 {[%cal Bc1g5,Bg5h4,Bh4g3][%mdl 32] C41: Philidor Defence} h6 11. Bh4 Re8 12. Bg3 {The position is equal.} a6 13. Bc4 {[#]} Rb8 $146 ({Predecessor:} 13... Bb7 14. Qe2 b5 15. Ba2 Bf8 16. dxe5 dxe5 17. Nh4 Nc5 {1-0 (32) Christiansen,L (2600)-Mokry,K (2525) Vienna 1991}) 14. Qe2 b5 15. axb5 axb5 16. Bb3 Bf8 17. Bh4 g6 (17... b4 $15 18. Na4 (18. Qc4 Nb6 $15) 18... exd4) 18. d5 b4 19. dxc6 bxc3 20. cxd7 Nxd7 21. bxc3 Qxc3 22. Ba4 Ra8 23. Qd2 Qxd2 24. Nxd2 g5 25. Bg3 Rd8 26. Bc6 Rxa1 27. Rxa1 Nc5 28. Ra8 $36 {[%mdl 2048] White fights for an advantage.} Be7 29. Nc4 Rf8 (29... Bb7 $14 30. Bxb7 Nxb7) 30. Ra7 $16 Bf6 (30... Be6 $16) 31. Nxd6 Be6 32. Ra5 Nd7 33. Bxd7 Bxd7 34. Bxe5 Bd8 $2 {[#]} (34... Bxe5 35. Rxe5 Rd8) 35. Ra8 (35. Ra7 $142 Be6 36. Bd4) 35... Bb6 36. Rxf8+ Kxf8 $18 {[%mdl 4096] Endgame KBB-KBN} 37. Nc4 Ba7 38. Bd6+ Kg7 39. Ne5 Ba4 40. c4 f6 {[#]} 41. Nf3 $1 Bc6 (41... Bb6 $142 42. c5 Ba5) 42. c5 f5 $2 (42... Bxe4 {was called for.} 43. Nd4 Kf7) 43. Nd4 {White is clearly winning.} Bxe4 44. Nb5 Bxc5 45. Bxc5 Kg6 46. f3 Bd3 47. Nc3 Bc4 48. Kf2 Bb3 49. g3 {[%cal Bg2g3,Bg3f4][%mdl 32]} Bc4 50. Ne2 Bb3 51. Ke3 Be6 52. Ng1 Bc4 53. h4 f4+ (53... Kf7 $142 54. hxg5 hxg5) 54. gxf4 gxh4 (54... gxf4+ $142 55. Kxf4 Kh5) 55. Be7 {Precision: White = 62%, Black = 21%.} 1-0